| 000 | 00930nam a2200265 c 4500 | ||
|---|---|---|---|
| 005 | 20151117104843.0 | ||
| 008 | 151117s2015 sp fr 000 f spa d | ||
| 020 | _a9788498386486 | ||
| 035 | _a(OCoLC)913120768 | ||
| 040 |
_aCo-BoUCM _bspa _cSandra Palacio _dSandra Palacio |
||
| 041 | 1 |
_aspa _hfre |
|
| 100 | 1 |
_aLouis, Édouard _d1992- _973682 |
|
| 245 | 1 | 0 |
_aPara acabar con Eddy Bellegueule _cÉdouard Louis ; traducción del francés de María Teresa Gallego Urrutia |
| 260 |
_aBarcelona (España) _bSalamandra _c2015 |
||
| 300 | _a187 páginas | ||
| 490 | 0 | _aNarrativa | |
| 650 | 7 |
_97878 _aNovela |
|
| 650 | 7 |
_920506 _aNovela francesa |
|
| 650 | 7 |
_97794 _aLiteratura francesa |
|
| 690 |
_942863 _aLiteratura europea |
||
| 700 | 1 |
_aGallego Urrutia, María Teresa _etraductor _973683 |
|
| 765 | _tEn finir avec Eddy Bellegueule | ||
| 942 |
_2DEWEY _a18 _cLIBRO _e1 _h843 _mL888pa |
||
| 999 |
_c302028 _d302028 |
||